| 000 | 00850cam a2200253 a 4500 | ||
|---|---|---|---|
| 001 | 4818813 | ||
| 003 | OSt | ||
| 005 | 20141027103044.0 | ||
| 008 | 890612s1989 txu 000 0 eng | ||
| 010 | _a 89035542 | ||
| 020 |
_a0849931835 : _c$9.99 |
||
| 040 |
_aDLC _cDLC _dDLC |
||
| 050 | 0 | 0 |
_aBV4501.2 _b.H248 1989 |
| 082 | 0 | 0 |
_a248.4 _220 |
| 100 | 1 |
_aHagberg, Janet. _932945 |
|
| 245 | 1 | 4 |
_aThe critical journey : _bstages in the life of faith / _cJanet O. Hagberg, Robert A. Guelich. |
| 260 |
_aDallas : _bWord Pub., _cc1989. |
||
| 300 |
_axvii, 162 p. ; _c22 cm. |
||
| 650 | 0 |
_aSpiritual life _xChristianity. _932946 |
|
| 700 | 1 |
_aGuelich, Robert A. _932947 |
|
| 906 |
_a7 _bcbc _corignew _d1 _eocip _f19 _gy-gencatlg |
||
| 942 |
_2lcc _cBK |
||
| 999 |
_c60629 _d60603 |
||